000 00432nam a22001697a 4500
003 NUST - PNEC
005 20170116180828.0
008 150728b xxu||||| |||| 00| 0 eng d
020 _a-
040 _cLIBRARY
082 _a330 DAW
100 _94486
_aDawson, George G.
245 _aEconomics for businessmen and investors
_cGeorge G. Dawson
260 _cc1963.
650 _94487
_aBusiness economics
_xMIS
942 _2ddc
_cBK
999 _c63952
_d63952